Avengers Murder Mystery - Sudden Death - Statistics

General Stats
  • This quiz has been taken 1,804 times
  • The average score is 7 of 17
Answers on the Grid
Answers color-coded by a green-red scale on the quiz's grid according to % correct below.
Captain America
Thor
Hulk
Iron Man
Black Widow
Hawkeye
Spider-Man
Captain Marvel
Scarlet Witch
Vision
Winter Soldier
Falcon
Black Panther
Loki
Ant-Man
Doctor Strange
Wasp
Groot
Mantis
Drax
Star-Lord
Gamora
Nebula
 
Answer Stats
Answer % Correct
Loki
54%
Iron Man
51%
Black Widow
50%
Thor
49%
Winter Soldier
49%
Scarlet Witch
47%
Hulk
44%
Hawkeye
41%
Black Panther
39%
Gamora
39%
Captain America
36%
Nebula
34%
Drax
32%
Star-Lord
30%
Captain Marvel
26%
Spider-Man
18%
Falcon
13%
No matching quizzes found
Score Distribution
Percent of People with Each Score
Percentile by Number Answered
Your Score History
You have not taken this quiz